Регионална библиотека "Любен Каравелов" - Русе

Мисли (Запис номер 134299)

MARC детайли
000 -Лидер
Контролно поле с фиксирана дължина 01759nam a2200397 c 4500
003 - Код на организацията, давaща контролен номер
Контролно поле BLK
005 - Дата и час на последна редакция
Контролно поле 20240301133127.0
008 - Елементи от данни с фиксирана дължина
fixed length control field 180409b bul|||||r ||||||| ||bul||
010 ## - Наследен системен номер
LC control number KNG00140211000
040 ## - Източник на каталожния запис
Идентификатор на билиотеката - собственик на записа BLK
041 ## - Код за език
Код за езика на текст/звукозапис или на отделно заглавие Български
Код за езика КДБФ Български
080 ## - УДК
Текстов определител УДК Обща история на философията
УДК код - определител по УДК 101(091)
УДК определител (44)
УДК - код + определител 101(091)(44)
100 1# - Редна дума - Автор
Автор Паскал, Блез
Дати, свързани с автора 1623-1662
Автор - информация (биография) Философ, теолог, писател, математик, физик
Авторска отговорност първи автор
R(LIN) 106974
139 ## - Редно поле
Редна дума Паскал, Блез
Авторски знак Пас - П 25
245 10 - Сведения за заглавието
Заглавие Мисли
Редно поле (дума) Блез Паскал; прев. от фр. Лилия Сталева; прев. от фр. Анна Сталева; встъп. студия от Исак Соломон Паси.
257 ## - Страна на издаване
Страна на създаване/издаване Франция
260 ## - Област на издателските данни
Име на издателя, разпространителя и проч. Наука и изкуство
Година на издаване 1978
Място на издаване, разпространение и проч. София
300 ## - Физическа характеристика
Страници 383 с.
Размери/Мащаб 21 см
380 ## - Жанр
Жанр Философия
490 ## - СЕРИИ (Колекции)
Име на серия Философско наследство
9 (RLIN) 201629
500 ## - Общи забележки
Забележка Ориг. загл. Pensees. - 30 125 тир. - Встъп. студия Мисли за човека / Исак Паси.
650 #4 - Допълнително описание по предмет – тема
Основно описание – тема или топоним Философия, френска - история
9 (RLIN) 241634
650 #4 - Допълнително описание по предмет – тема
Основно описание – тема или топоним Християнство
9 (RLIN) 176914
653 ## - Ключова дума – ненормативна
Ключова дума френска философия
653 ## - Ключова дума – ненормативна
Ключова дума християнство
700 1# - Други автори (авторска отговорност)
Лично име Сталева, Лилия
Автороска отговорност (Описва отношението между автора и произведението) прев. от фр.
9 (RLIN) 368569
700 1# - Други автори (авторска отговорност)
Лично име Сталева, Анна
Автороска отговорност (Описва отношението между автора и произведението) прев. от фр.
9 (RLIN) 307982
700 1# - Други автори (авторска отговорност)
Лично име Паси, Исак Соломон
Автороска отговорност (Описва отношението между автора и произведението) встъп. студия от
9 (RLIN) 363338
852 ## - Местоположение
Форматна сигнатура Цб 91619
856 4# - Електронен адрес и достъп
Електронен формат pdf - файл
856 4# - Електронен адрес и достъп
Електронен формат pdf - файл
999 ## - СИСТЕМНИ КОНТРОЛНИ НОМЕРА
Koha biblionumber 134299
Koha biblioitemnumber 134299
942 ## - АРТИКУЛИ
Вид на библиотечния материал Книги
Скрит в OPAC Не
Периодичен библиозапис Да
944 ## - СЪЗДАВАНЕ И РЕДАКЦИЯ на ЗАПИСА
Създаване/Редакция Създаване
Дата на регистрацията/редакция 04.03.2013
Статус, дата на статуса Геновева Генчева
Служител, извършил регистрацията/редакцията 30560
944 ## - СЪЗДАВАНЕ И РЕДАКЦИЯ на ЗАПИСА
Създаване/Редакция Редакция
Дата на регистрацията/редакция 19.04.2013
Статус, дата на статуса ф /
999 ## - СИСТЕМНИ КОНТРОЛНИ НОМЕРА
Koha biblioitemnumber 134299
Наличности
Код за отписване Код за изгубен артикул Код за повреда Коз за рестрикции Код за отдаване Артикулен № Име на библиотеката - собственик Име на библиотеката, в която се намира в момента Статус (Текущо местоположение) Дата на вписване в системата Местоположение - отдел Цена в лева Инвентарен номер Систематично азбучна сигнатура Баркод Номер на екземпляра Цена в евро Служебна бележка Служебен тип на артикула Източник на класификационната схема
  Не е изгубен Не е повреден без рестрикции ползва се в читалня 219295 Регионална библиотека "Любен Каравелов" Русе Регионална библиотека "Любен Каравелов" Русе Хранилище 2013-03-01 Основен фонд - ползва се само за читалня 3.00 120000764603 Цб 91619 120000764603 1 1.53 Дост: DA Вид: А N: 3 Дата: 01.03.2013 Книги  
Изтеглен Не е изгубен Не е повреден без рестрикции заемане за дома 219296 Регионална библиотека "Любен Каравелов" Русе Регионална библиотека "Любен Каравелов" Русе Заемна - подръчен фонд 1978-01-01 Заемна - подръчен фонд 0.00 623440 П 101(091)/П 25 623440 2 0.00 Дост: Pk Вид: Ф N: стар фонд Дата: 01.01.1978 Книги Universal Decimal Classification
Vip Innovations Ltd, Rousse, Bulgaria 2025